F1 World Champions - Statistics

General Stats
  • This quiz has been taken 57 times
    29 since last reset
  • The average score is 56 of 74
Answer Stats
Hint Answer % Correct
1950 Giuseppe Farina
95%
1951 Juan Manuel Fangio
91%
1952 Alberto Ascari
86%
1953 Alberto Ascari
86%
1954 Juan Manuel Fangio
86%
1955 Juan Manuel Fangio
86%
1956 Juan Manuel Fangio
86%
1957 Juan Manuel Fangio
86%
1958 Mike Hawthorn
82%
1996 Damon Hill
77%
2005 Fernando Alonso
77%
2006 Fernando Alonso
77%
1962 Graham Hill
77%
1959 Jack Brabham
77%
1960 Jack Brabham
77%
2009 Jenson Button
77%
1963 Jim Clark
77%
2007 Kimi Raikkonnen
77%
2008 Lewis Hamilton
77%
2014 Lewis Hamilton
77%
2015 Lewis Hamilton
77%
2017 Lewis Hamilton
77%
2018 Lewis Hamilton
77%
2019 Lewis Hamilton
77%
2020 Lewis Hamilton
77%
2021 Max Verstappen
77%
2022 Max Verstappen
77%
2023 Max Verstappen
77%
1994 Michael Schumacher
77%
1995 Michael Schumacher
77%
2000 Michael Schumacher
77%
2001 Michael Schumacher
77%
2002 Michael Schumacher
77%
2003 Michael Schumacher
77%
2004 Michael Schumacher
77%
1998 Mika Hakkinen
77%
1999 Mika Hakkinen
77%
2016 Nico Rosberg
77%
1961 Phil Hill
77%
2010 Sebastian Vettel
77%
2011 Sebastian Vettel
77%
2012 Sebastian Vettel
77%
2013 Sebastian Vettel
77%
1989 Alain Prost
73%
1993 Alain Prost
73%
1988 Ayrton Senna
73%
1990 Ayrton Senna
73%
1991 Ayrton Senna
73%
1997 Jacques Villeneuve
73%
1965 Jim Clark
73%
1964 John Surtees
73%
1987 Nelson Piquet
73%
1992 Nigel Mansell
73%
1985 Alain Prost
68%
1986 Alain Prost
68%
1980 Alan Jones
68%
1967 Denny Hulme
68%
1972 Emerson Fittipaldi
68%
1974 Emerson Fittipaldi
68%
1968 Graham Hill
68%
1966 Jack Brabham
68%
1969 Jackie Stewart
68%
1971 Jackie Stewart
68%
1973 Jackie Stewart
68%
1976 James Hunt
68%
1970 Jochen Rindt
68%
1979 Jody Scheckter
68%
1982 Keke Rosberg
68%
1978 Mario Andretti
68%
1981 Nelson Piquet
68%
1983 Nelson Piquet
68%
1975 Niki Lauda
68%
1977 Niki Lauda
68%
1984 Niki Lauda
68%
No matching quizzes found
Score Distribution
Percent of People with Each Score
Percentile by Number Answered
Your Score History
You have not taken this quiz since the last reset